| 000 | 00778nam a2200205Ia 4500 | ||
|---|---|---|---|
| 999 |
_c46511 _d46511 |
||
| 001 | 13350 | ||
| 003 | GE_BSU | ||
| 005 | 20240909125737.0 | ||
| 008 | 181216s2012||||ru |||||||||||||| ||rus|| | ||
| 020 | _a9785020365032 | ||
| 040 | _cGE_BSU | ||
| 080 | _a1(091) И-97 | ||
| 245 |
_aИшрак : _bЕжегодник исламской философии №3 2012. |
||
| 264 |
_aМосква : _bВосточная лит-ра, _c2012. |
||
| 300 |
_a652 р. ; _c22 см. |
||
| 653 | _aИшрак | ||
| 653 | _aЕжегодник исламской философии | ||
| 710 |
_aРоссийская АН ин-т философии, Иранский ин-т философии. Фонд исследовании исламской культуры _923188 |
||
| 942 |
_cBK _2udc |
||